Vegetable crops (Record no. 23785)

MARC details
000 -LEADER
fixed length control field 00391nam a2200157Ia 4500
082 ## - DEWEY DECIMAL CLASSIFICATION NUMBER
Classification number 635.1/.8
Item number THO;1
100 ## - MAIN ENTRY--AUTHOR NAME
Personal name KELLY, William C
245 #0 - TITLE STATEMENT
Title Vegetable crops
250 ## - EDITION STATEMENT
Edition statement Ed.5
260 ## - PUBLICATION, DISTRIBUTION, ETC. (IMPRINT)
Place of publication New Delhi
Name of publisher Tata McGraw Hill
Year of publication 1957
650 ## - SUBJECT ADDED ENTRY--TOPICAL TERM
Topical Term Pest control
650 ## - SUBJECT ADDED ENTRY--TOPICAL TERM
Topical Term Vegetable crops
700 ## - ADDED ENTRY--PERSONAL NAME
Personal name THOMPSON, Homer C
942 ## - ADDED ENTRY ELEMENTS (KOHA)
Koha item type Books
Holdings
Withdrawn status Lost status Damaged status Not for loan Home library Current library Date acquired Full call number Accession Number Koha item type
        RRII Library RRII Library 16/12/2021 635.1/.8 THO;1 04480 Books